| 000 | 00538nam a2200217Ia 4500 | ||
|---|---|---|---|
| 003 | 0100 | ||
| 008 | 130227s9999 xx 000 0 und d | ||
| 040 | _cARRUPELIB | ||
| 050 | _aLB1025.2.D673 1975 | ||
| 100 | _aKelly, Albert Victor | ||
| 245 | _aTheory and practice of education | ||
| 245 | _ban introduction | ||
| 260 | _aLondon | ||
| 260 | _bHarper and Row, Publishers | ||
| 260 | _C1975 | ||
| 300 | _a216p. | ||
| 300 | _b 22cm. | ||
| 650 | _bCatholic Church- Liturgy | ||
| 700 | _aDowney Meriel Elaine | ||
| 942 |
_2lcc _02 |
||
| 999 |
_c1934 _d1934 |
||